000 01057cab a22002175a 4500
001 L146601
008 090209e20090202xxkbd f s 000 0 eng d
035 _a(Sirsi) u146601
041 0 _aeng
110 2 _aEuroProperty
_91216
245 0 0 _aSurvey
_bresidential
260 _c2009
490 _aEuroProperty
_v2 February 2009, 21-25(5)
520 _aProvides overview, statistics and market commentary for the European residential property market, with specific reference to Germany, Spain and the United Kingdom. Puts falling house prices in a wider economic context and describes how exposure to the sector is affecting institutional investors and the bonds market. Describes British attempts to stimulate the economy and housing market, oversupply in Spain and the changing fortunes of the German housing market, where investors are beginning to lose confidence.
590 _aKA
651 4 _aGermany
_y1990-
651 4 _aSpain
651 4 _aUnited Kingdom
_y
690 _aPROPERTY-RESIDENTIAL PROPERTY-RESIDENTIAL PROPERTY MARKET
942 _n0
999 _c81197
_d81197